[Event "Bosnjaci op 17th"]
[Site "Bosnjaci"]
[Date "2012.01.06"]
[Round "5"]
[White "Radovic, Velimir"]
[Black "Pasalic, Adnan"]
[Result "1-0"]
[WhiteElo "2146"]
[BlackElo "2093"]
[PlyCount "69"]
[EventDate "2012.01.03"]
[EventType "swiss"]
[EventRounds "9"]
[EventCountry "CRO"]
[SourceTitle "CBM 146 Extra"]
[Source "ChessBase"]
[SourceDate "2012.02.29"]
[SourceVersion "1"]
[SourceVersionDate "2012.02.29"]
[SourceQuality "1"]

1. e4 e6 2. d4 d5 3. Nc3 Bb4 4. e5 c5 5. a3 Bxc3+ 6. bxc3 Qc7 7. Nf3 Bd7 8. Bd3 Ba4 9. 0-0 Ne7 10. Re1 Nd7 11. Rb1 c4 12. Bf1 h6 13. g3 g5 14. h4 gxh4 15. Nxh4 0-0-0 16. Rb4 Nb6 17. Qh5 Rdf8 18. Rb2 Be8 19. Qf3 Ng6 20. Ng2 Qe7 21. a4 Bxa4 22. Ra2 Rfg8 23. Ba3 Qd7 24. Bc5 Na8 25. Rea1 b5 26. Bxc4 a6 27. Rxa4 bxa4 28. Bxa6+ Kd8 29. Rb1 Ne7 30. Rb8+ Kc7 31. Rb7+ Kc6 32. Rxd7 Kxd7 33. Bb5+ Kd8 34. Qf6 Re8 35. Bxe7+ 1-0

[Event "Zupanja op 5th"]
[Site "Zupanja"]
[Date "2011.08.21"]
[Round "8"]
[White "Ostovic, Matija"]
[Black "Radovic, Velimir"]
[Result "1-0"]
[WhiteElo "2266"]
[BlackElo "2147"]
[PlyCount "109"]
[EventDate "2011.08.19"]
[EventType "swiss"]
[EventRounds "9"]
[EventCountry "CRO"]
[SourceTitle "CBM 143 Extra"]
[Source "ChessBase"]
[SourceDate "2011.08.29"]
[SourceVersion "1"]
[SourceVersionDate "2011.08.29"]
[SourceQuality "1"]

1. e4 e6 2. d4 c5 3. c3 d5 4. exd5 exd5 5. Nf3 Nc6 6. Bb5 Bd6 7. dxc5 Bxc5 8. 0-0 Nge7 9. Nbd2 0-0 10. Nb3 Bd6 11. Bd3 Qc7 12. h3 Bd7 13. Nbd4 a6 14. Re1 h6 15. Bc2 Rfe8 16. Be3 Nxd4 17. Nxd4 Bf4 18. Qf3 Bh2+ 19. Kh1 Be5 20. Qh5 Nc6 21. Nf3 Bf4 22. Bxf4 Qxf4 23. Qxd5 Be6 24. Qd3 g6 25. Qe3 Qxe3 26. Rxe3 Rad8 27. Rae1 Rd6 28. Bb3 Kf8 29. Bxe6 Rexe6 30. Rxe6 fxe6 31. Kh2 Kf7 32. Kg3 Kf6 33. Kf4 e5+ 34. Ke3 g5 35. Nd2 Ke6 36. Ne4 Rd5 37. Re2 b6 38. Rd2 Ne7 39. Rxd5 Nxd5+ 40. Kf3 Nf4 41. b3 Nd3 42. Ke3 Nf4 43. Kf3 Nd3 44. g3 Kd5 45. Ke3 Nc1 46. f3 Nxa2 47. Kd2 b5 48. b4 Kc4 49. Kc2 Nxb4+ 50. cxb4 Kxb4 51. Nxg5 Kc4 52. Nf7 Kd4 53. Nxh6 Ke3 54. g4 Kf4 55. Nf7 1-0

[Event "Treber Memorial 5th"]
[Site "Vinkovci"]
[Date "2008.09.09"]
[Round "7"]
[White "Radovic, Velimir"]
[Black "Masirevic, Miroljub"]
[Result "1-0"]
[WhiteElo "2194"]
[BlackElo "2058"]
[PlyCount "101"]
[EventDate "2008.09.05"]
[EventType "swiss"]
[EventRounds "9"]
[EventCountry "CRO"]
[SourceTitle "CBM 126 Extra"]
[Source "ChessBase"]
[SourceDate "2008.11.05"]
[SourceVersion "1"]
[SourceVersionDate "2008.11.05"]
[SourceQuality "1"]

1. e4 c5 2. Nf3 d6 3. d4 cxd4 4. Nxd4 a6 5. c4 Bd7 6. Nc3 Nf6 7. Be2 Nc6 8. Be3 g6 9. 0-0 Bg7 10. Rc1 0-0 11. f3 Rc8 12. Qd2 Ne5 13. b3 Qa5 14. Nd5 Qd8 15. h3 Bc6 16. Nxf6+ Bxf6 17. Rfd1 Nd7 18. Nxc6 Rxc6 19. f4 Qb8 20. Bf3 Rc7 21. b4 Bg7 22. Rc2 Rd8 23. e5 b5 24. exd6 exd6 25. Qxd6 Bf8 26. Qxa6 Bxb4 27. Rb1 Bc5 28. Bxc5 Rxc5 29. Rxb5 Qxf4 30. Rxc5 Nxc5 31. Qb5 Qe3+ 32. Kh1 Nd3 33. Qa5 Rb8 34. Qd2 Rb1+ 35. Kh2 Qe5+ 36. g3 Qd4 37. Bd1 h5 38. h4 Kh7 39. c5 f5 40. c6 f4 41. gxf4 Rxd1 42. Qxd1 Qxf4+ 43. Kg1 Qe3+ 44. Kf1 Qh3+ 45. Rg2 Qf5+ 46. Kg1 Qc5+ 47. Kh1 Qb5 48. Qd2 Qf5 49. Kh2 Qe5+ 50. Rg3 Nf4 51. Qe3 1-0

[Event "Treber Memorial 5th"]
[Site "Vinkovci"]
[Date "2008.09.07"]
[Round "4"]
[White "Zovko, Mario"]
[Black "Radovic, Velimir"]
[Result "1-0"]
[WhiteElo "2177"]
[BlackElo "2194"]
[PlyCount "29"]
[EventDate "2008.09.05"]
[EventType "swiss"]
[EventRounds "9"]
[EventCountry "CRO"]
[SourceTitle "CBM 126 Extra"]
[Source "ChessBase"]
[SourceDate "2008.11.05"]
[SourceVersion "1"]
[SourceVersionDate "2008.11.05"]
[SourceQuality "1"]

1. e4 e5 2. Nf3 Nc6 3. d4 exd4 4. Bc4 Nf6 5. e5 d5 6. Bb5 Ne4 7. Nxd4 Bd7 8. Bxc6 bxc6 9. 0-0 Be7 10. f3 Nc5 11. f4 0-0 12. Qe2 Ne6 13. c3 f5 14. exf6 Rxf6 15. Be3 1-0

[Event "Treber Memorial 5th"]
[Site "Vinkovci"]
[Date "2008.09.06"]
[Round "2"]
[White "Dragojlovic, Andjelko"]
[Black "Radovic, Velimir"]
[Result "1-0"]
[WhiteElo "2400"]
[BlackElo "2194"]
[PlyCount "71"]
[EventDate "2008.09.05"]
[EventType "swiss"]
[EventRounds "9"]
[EventCountry "CRO"]
[SourceTitle "CBM 126 Extra"]
[Source "ChessBase"]
[SourceDate "2008.11.05"]
[SourceVersion "1"]
[SourceVersionDate "2008.11.05"]
[SourceQuality "1"]

1. Nf3 Nf6 2. g3 d5 3. Bg2 c6 4. 0-0 Bf5 5. d3 e6 6. Nbd2 h6 7. Qe1 Be7 8. e4 Bh7 9. Qe2 0-0 10. Re1 Na6 11. a3 Nc5 12. e5 Nfd7 13. h4 a5 14. Nf1 Re8 15. N1h2 b5 16. b3 b4 17. axb4 axb4 18. Bf4 Nf8 19. h5 Na6 20. Ng4 Nc7 21. Nd4 Qd7 22. Bxh6 c5 23. Bxg7 Kxg7 24. Nf6 Bxf6 25. Qg4+ Ng6 26. hxg6 Bxg6 27. exf6+ Kxf6 28. Nf3 Qd6 29. Qg5+ Kg7 30. Ne5 Rxa1 31. Rxa1 Ra8 32. Rxa8 Nxa8 33. Ng4 f5 34. Qf6+ Kh7 35. Ne5 Be8 36. Bh3 1-0

[Event "CRO-chT2 East"]
[Site "Croatia"]
[Date "2005.04.24"]
[Round "6.1"]
[White "Grandic, Zvjezdan"]
[Black "Radovic, Velimir"]
[Result "0-1"]
[WhiteElo "2179"]
[BlackElo "2245"]
[PlyCount "78"]
[EventDate "2005.03.19"]
[EventType "team"]
[EventRounds "11"]
[EventCountry "CRO"]
[SourceTitle "EXT 2007"]
[Source "ChessBase"]
[SourceDate "2006.11.23"]
[SourceVersion "1"]
[SourceVersionDate "2006.11.23"]
[SourceQuality "1"]

1. e4 c5 2. Nf3 e6 3. d4 cxd4 4. Nxd4 a6 5. c4 Nf6 6. Bd3 Nc6 7. Be3 Qc7 8. Nc3 Ne5 9. Qe2 Bc5 10. Nc2 b6 11. b4 Bxe3 12. Nxe3 0-0 13. 0-0 Ng6 14. g3 Bb7 15. f4 d6 16. Rac1 Rfe8 17. Ng4 Nd7 18. Qf2 Rac8 19. h4 Ngf8 20. h5 h6 21. f5 exf5 22. exf5 Ne5 23. Nxe5 Rxe5 24. Nd5 Bxd5 25. cxd5 Qxc1 26. Rxc1 Rxc1+ 27. Kg2 b5 28. Qa7 Rxd5 29. Be4 Rd2+ 30. Kh3 d5 31. Bf3 Rf1 32. Kg4 Rdf2 33. Bxd5 Rxf5 34. Be4 Rg5+ 35. Kh3 Rxh5+ 36. Kg2 Rf6 37. Bb7 Re5 38. Bxa6 Re2+ 39. Kh3 Rxa2 0-1

[Event "CRO-Cup"]
[Site "Pula"]
[Date "1997.??.??"]
[Round "?"]
[White "Keglevic, Pavao"]
[Black "Radovic, Velimir"]
[Result "0-1"]
[WhiteElo "2245"]
[BlackElo "2255"]
[PlyCount "118"]
[EventDate "1997.??.??"]
[EventType "team"]
[EventRounds "5"]
[EventCountry "CRO"]
[SourceTitle "EXT 1998"]
[Source "ChessBase"]
[SourceDate "1997.11.17"]
[SourceVersion "1"]
[SourceVersionDate "1997.11.17"]
[SourceQuality "1"]

1. c4 Nf6 2. Nf3 e6 3. d4 Bb4+ 4. Nc3 b6 5. g3 Bb7 6. Bg2 Ne4 7. Qc2 Nxc3 8. bxc3 Be7 9. 0-0 d6 10. e4 Nd7 11. Re1 e5 12. Be3 0-0 13. Rad1 Qe8 14. Bh3 f5 15. d5 Qh5 16. Kg2 g6 17. Ng1 Bc8 18. f3 f4 19. Be6+ Kh8 20. g4 Qh6 21. Bf2 Bh4 22. Bxh4 Qxh4 23. Qf2 Qxf2+ 24. Kxf2 Nc5 25. Bxc8 Rfxc8 26. Ke2 Na4 27. Rc1 Nb2 28. c5 bxc5 29. c4 Rcb8 30. Rc2 Rb4 31. Rec1 Rab8 32. Rc3 Ra4 33. a3 Ra6 34. Kd2 Rab6 35. Ne2 Na4 36. Rd3 Kg7 37. Rc2 Kf6 38. h4 h6 39. Nc1 Ke7 40. Ne2 Kd7 41. Nc1 Kc8 42. Ke2 Rb1 43. Kd2 R8b2 44. Ne2 Rh1 45. Rxb2 Nxb2 46. Rc3 Na4 47. Rc1 Rxh4 48. Kc2 Rh2 49. Kb3 Rxe2 50. Kxa4 Re3 51. Rh1 h5 52. gxh5 gxh5 53. Rxh5 Rxf3 54. Rh8+ Kb7 55. Rh1 Rc3 56. Rb1+ Ka6 57. Re1 f3 58. Rb1 Rxc4+ 59. Kb3 Rxe4 0-1

[Event "CRO-Cup"]
[Site "Pula"]
[Date "1997.??.??"]
[Round "?"]
[White "Zelic, Mladen"]
[Black "Radovic, Velimir"]
[Result "1/2-1/2"]
[WhiteElo "2275"]
[BlackElo "2255"]
[PlyCount "26"]
[EventDate "1997.??.??"]
[EventType "team"]
[EventRounds "5"]
[EventCountry "CRO"]
[SourceTitle "EXT 1998"]
[Source "ChessBase"]
[SourceDate "1997.11.17"]
[SourceVersion "1"]
[SourceVersionDate "1997.11.17"]
[SourceQuality "1"]

1. e4 c5 2. d4 e6 3. Nf3 cxd4 4. c3 d5 5. exd5 Qxd5 6. cxd4 Nf6 7. Nc3 Qd8 8. Be2 Be7 9. 0-0 0-0 10. Ne5 Nc6 11. Be3 Bd7 12. Bf3 Rc8 13. Nxd7 Qxd7 1/2-1/2